00857nam a2200193 a 450000100100000000500170001000800410002702000180006804000250008610000290011124500410014026000390018130000200022050000700024095201200031095201050043095201110053599900170064600003776420201002031118.0130305s2012 dr 000 0 spa d a9789945489187 aDO-SdBNPbspacBNPHU1 aCastillo, Quibian96421613aLa taxidermista /cQuibian Castillo. aSanto Domingo :bSantuario,c2012. a93 p. ;c24 cm. aIncluye datos biográficos del autor en la solapa de la cubierta 001054708DSaGRbGRcCTd2013-03-05iLF1l0o p37764-30r2020-06-25te. 3w2020-06-25yLFDSZPréstamo en sala 0010718PDaPDbPDcCTd2013-03-05iLF1l0o p37764-10r2020-06-25w2020-06-25yLFPDZNo se presta 0010718PDaPDbPDcCTd2013-03-05iLF1l0o p37764-20r2020-06-25te. 2w2020-06-25yLFPDZNo se presta c37254d37254